Սեռականությունը հայկական [համա]տեքստերում / (Record no. 448002)
[ view plain ]
| 000 -LEADER | |
|---|---|
| fixed length control field | 02679nam a2200373 a 4500 |
| 003 - CONTROL NUMBER IDENTIFIER | |
| control field | AM-YeHGA |
| 040 ## - CATALOGING SOURCE | |
| Original cataloging agency | AM-YeHGA |
| 090 ## - LOCALLY ASSIGNED LC-TYPE CALL NUMBER (OCLC); LOCAL CALL NUMBER (RLIN) | |
| -- | 450899 |
| 005 - DATE AND TIME OF LATEST TRANSACTION | |
| control field | 20250618075252.0 |
| 008 - FIXED-LENGTH DATA ELEMENTS--GENERAL INFORMATION | |
| fixed length control field | 200124s2019 ai ||||fr|||||000|0|arm|| |
| 020 ## - INTERNATIONAL STANDARD BOOK NUMBER | |
| International Standard Book Number | 9789939109183 |
| 041 1# - LANGUAGE CODE | |
| Language code of text/sound track or separate title | arm |
| Language code of original | fre |
| 245 00 - TITLE STATEMENT | |
| Title | Սեռականությունը հայկական [համա]տեքստերում / |
| Statement of responsibility, etc. | Հեղ․՝ Ժ․ Անդրեասյան, Մ․ Բեյլերյան, Է․ Դանիելյան և այլք ; Կազմողներ և պատասխանատու խմբագիրներ՝ Ժ․ Անդրեասյան, Ա․ Ժամկոչյան, Ա․ Մանուսյան ; Գիտական խմբագրակազմ՝ Գ․ Այվազյան, Ժ․ Անդրեասյան, Ա․ Ժամակոչյան, Ա․ Մանուսյան ; Ֆրանսերենի թարգմանիչ՝ Ն․ Կարոյան ; Սրբագրիչ՝ Գ․ Այվազյան ; Գրաֆիկական ձևավորող՝ Ն․ Գալֆայան ; «Սոցիոսկոպ» հասարակական ուսումնասիրությունների և խորհրդատվության կենտրոն ՀԿ․ |
| 260 ## - PUBLICATION, DISTRIBUTION, ETC. | |
| Place of publication, distribution, etc. | Երևան ։ |
| Name of publisher, distributor, etc. | [Անտենոր], |
| Date of publication, distribution, etc. | 2019․ |
| 300 ## - PHYSICAL DESCRIPTION | |
| Extent | 548 էջ ; |
| Dimensions | 24 սմ․ |
| 504 ## - BIBLIOGRAPHY, ETC. NOTE | |
| Bibliography, etc. note | Յուրաքանչյուր բաժնից հետո՝ մատենագիտություն։ Մատենագիտական ցանկ՝ էջ 502-546։ Տողատակում՝ մատենագիտական ծանոթագրություններ։ |
| 650 14 - SUBJECT ADDED ENTRY--TOPICAL TERM | |
| Topical term or geographic name entry element | Հասարակություն |
| General subdivision | Սոցիալական խմբեր |
| 650 14 - SUBJECT ADDED ENTRY--TOPICAL TERM | |
| Topical term or geographic name entry element | Գենդերային հարց |
| General subdivision | Պատմություն |
| Geographic subdivision | Հայաստանի Հանրապետություն |
| 700 1# - ADDED ENTRY--PERSONAL NAME | |
| Personal name | Անդրեասյան, Ժաննա |
| Relator term | հեղ․ |
| Relationship | aut |
| Relator term | կազմ․ |
| Relationship | com |
| Relator term | խմբ․ |
| Relationship | edt |
| 700 1# - ADDED ENTRY--PERSONAL NAME | |
| Personal name | Բեյլերյան, Մարի |
| 9 (RLIN) | 6268 |
| 700 1# - ADDED ENTRY--PERSONAL NAME | |
| Personal name | Դանիելյան, Էդուրադ |
| 700 1# - ADDED ENTRY--PERSONAL NAME | |
| Personal name | Ժամակոչյան, Աննա |
| Relator term | հեղ․ |
| Relationship | aut |
| Relator term | կազմ․ |
| Relationship | com |
| Relator term | խմբ․ |
| Relationship | edt |
| 700 1# - ADDED ENTRY--PERSONAL NAME | |
| Personal name | Խալաթյան, Մարիամ |
| 700 1# - ADDED ENTRY--PERSONAL NAME | |
| Personal name | Հակոբյան, Հրաչյա |
| 700 1# - ADDED ENTRY--PERSONAL NAME | |
| Personal name | Մանուսյան, Արփի |
| Relator term | հեղ․ |
| Relationship | aut |
| Relator term | կազմ․ |
| Relationship | com |
| Relator term | խմբ․ |
| Relationship | edt |
| 700 1# - ADDED ENTRY--PERSONAL NAME | |
| Personal name | Շախնազարյան, Իրինա |
| 700 1# - ADDED ENTRY--PERSONAL NAME | |
| Personal name | Չերգեշտյան, Լուսինե |
| 700 1# - ADDED ENTRY--PERSONAL NAME | |
| Personal name | Պրեսիադո, Պոլ Բ․ |
| 700 1# - ADDED ENTRY--PERSONAL NAME | |
| Personal name | Այվազյան, Գայանե |
| Relator term | խմբագիր |
| Relationship | edt |
| Relator term | սրբագրիչ |
| Relationship | crr |
| 700 1# - ADDED ENTRY--PERSONAL NAME | |
| Personal name | Կարոյան, Նազարեթ |
| Relator term | թարգմանիչ |
| Relationship | trl |
| 700 1# - ADDED ENTRY--PERSONAL NAME | |
| Personal name | Գալֆայան, Նորա |
| Relator term | ձևավորող |
| Relationship | bkd |
| 710 2# - ADDED ENTRY--CORPORATE NAME | |
| Corporate name or jurisdiction name as entry element | «Սոցիոսկոպ» հասարակական ուսումնասիրությունների և խորհրդատվության կենտրոն ՀԿ |
| 942 ## - ADDED ENTRY ELEMENTS (KOHA) | |
| Source of classification or shelving scheme | Universal Decimal Classification |
| Koha item type | Գրքեր / Books |
| Withdrawn status | Lost status | Source of classification or shelving scheme | Damaged status | Not for loan | Collection | Home library | Current library | Date acquired | Total checkouts | Full call number | Barcode | Date last seen | Price effective from | Koha item type | Public note |
|---|---|---|---|---|---|---|---|---|---|---|---|---|---|---|---|
| Universal Decimal Classification | General | Fundamental Scientific Library | Fundamental Scientific Library | 04/03/2020 | AII/105805 | FL0625467 | 04/03/2020 | 04/03/2020 | Գրքեր / Books | 30 Days Loan |
ՀՀ Գիտությունների ազգային ակադեմիայի հիմնարար գիտական գրադարան = Fundamental Scientific Library of NAS RA
All site content, except where otherwise noted, is licensed under a